[Event "40th Olympiad Women"]
[Site "Istanbul TUR"]
[Date "2012.09.06"]
[Round "9.37"]
[Board "1"]
[White "Mucha, Annegret"]
[Black "Arbunic Castro, Giovanna"]
[Result "1-0"]
[WhiteTitle "WCM"]
[BlackTitle "WIM"]
[WhiteElo "2023"]
[BlackElo "2098"]
[WhiteTeam "ICSC"]
[BlackTeam "Chile"]
[WhiteFideId "24622788"]
[BlackFideId "3400549"]
[EventDate "2012.08.28"]

1. e4 c5 2. Nf3 Nc6 3. Bb5 Qc7 4. Nc3 a6 5. Bxc6 Qxc6 6. d4 cxd4 7. Nxd4 Qc4 8.
Qd3 Qxd3 9. cxd3 e6 10. Bd2 Ne7 11. Rc1 Nc6 12. Nxc6 dxc6 13. Na4 Bd6 14. Ke2
O-O 15. Ba5 Rb8 16. Bb6 e5 17. Be3 Be6 18. b3 Rfd8 19. Ba7 Ra8 20. Bb6 Re8 21.
Nc5 Bxc5 22. Rxc5 f6 23. Rd1 Re7 24. d4 exd4 25. Rxd4 Rd7 26. Rxd7 Bxd7 27. Rc4
Re8 28. Rd4 Bc8 29. Rd8 Kf7 30. Rxe8 Kxe8 31. Ke3 Kd7 32. Kd4 Kd6 33. h3 Bd7 34.
Bc5+ Ke6 35. Bb6 Kd6 36. f4 Bc8 37. b4 Be6 38. a3 Bd7 39. Bc5+ Ke6 40. Bb6 Kd6
41. a4 Be8 42. a5 Ke6 43. f5+ Kd7 44. Bc5 g6 45. g4 Bf7 46. e5 fxe5+ 47. Kxe5
Bd5 48. fxg6 hxg6 49. Kf6 Be4 50. h4 Ke8 51. h5 gxh5 52. gxh5 Kd7 53. h6 Ke8 54.
Kg7 Bd3 55. h7 Bxh7 56. Kxh7 Kf7 57. Kh8 1-0

[Event "40th Olympiad Women"]
[Site "Istanbul TUR"]
[Date "2012.09.06"]
[Round "9.37"]
[Board "2"]
[White "Toro Pradenas, Maria Jose"]
[Black "Botalova, Yulia"]
[Result "1-0"]
[WhiteTitle "WFM"]
[BlackTitle "WFM"]
[WhiteElo "2040"]
[BlackElo "1949"]
[WhiteTeam "Chile"]
[BlackTeam "ICSC"]
[WhiteFideId "3412610"]
[BlackFideId "24132535"]
[EventDate "2012.08.28"]

1. e4 e6 2. d4 d5 3. Nc3 Nf6 4. e5 Nfd7 5. f4 c5 6. Nf3 a6 7. Be3 Nc6 8. Qd2 b5
9. dxc5 Bxc5 10. Bxc5 Nxc5 11. Bd3 Qb6 12. Qf2 b4 13. Ne2 a5 14. O-O Ba6 15. h3
Rb8 16. Rad1 Bxd3 17. cxd3 Na4 18. Ned4 Nxd4 19. Nxd4 O-O 20. Rd2 Rfc8 21. Nb3
Qa6 22. f5 Ra8 23. f6 g6 24. Qh4 Qb6+ 25. Nd4 h5 26. Qf4 Kh7 27. g4 Rg8 28. h4
hxg4 29. Qxg4 Rh8 30. Rh2 Kg8 31. h5 Rh6 32. Kh1 Qa7 33. hxg6 Rxg6 34. Qh5 Kf8
35. Qh8+ Rg8 36. Qh7 Ke8 1-0

[Event "40th Olympiad Women"]
[Site "Istanbul TUR"]
[Date "2012.09.06"]
[Round "9.37"]
[Board "3"]
[White "Gerasimova, Olga"]
[Black "Larrachea Formas, Emilia"]
[Result "0-1"]
[WhiteTitle "WIM"]
[WhiteElo "2087"]
[BlackElo "2061"]
[WhiteTeam "ICSC"]
[BlackTeam "Chile"]
[WhiteFideId "24109622"]
[BlackFideId "3400727"]
[EventDate "2012.08.28"]

1. e4 g6 2. d4 Bg7 3. Nc3 d6 4. f4 a6 5. Be3 b5 6. Nf3 Bb7 7. a3 Nd7 8. d5 Ngf6
9. Be2 O-O 10. Nd4 Nb6 11. O-O Rc8 12. Kh1 Qd7 13. Qd2 c5 14. Nb3 Na4 15. Bf3
Nxb2 16. Na5 b4 17. axb4 cxb4 18. Ne2 Nc4 19. Nxc4 Rxc4 20. Ra2 Ng4 21. Bg1 Rfc8
22. h3 Nf6 23. Nd4 Rc3 24. Rb1 e6 25. Rxb4 exd5 26. exd5 Nxd5 27. Ne2 Nxb4 28.
Rb2 Rxf3 29. Rxb4 Rf1 30. Ng3 Qxh3# 0-1

[Event "40th Olympiad Women"]
[Site "Istanbul TUR"]
[Date "2012.09.06"]
[Round "9.37"]
[Board "4"]
[White "Reyes Jara, Paula"]
[Black "Myronenko, Natalya"]
[Result "1/2-1/2"]
[WhiteElo "2115"]
[BlackElo "1891"]
[WhiteTeam "Chile"]
[BlackTeam "ICSC"]
[WhiteFideId "3403920"]
[BlackFideId "14124530"]
[EventDate "2012.08.28"]

1. e4 e5 2. Nf3 Nc6 3. d4 exd4 4. Bc4 Be7 5. c3 Nf6 6. e5 Ne4 7. cxd4 d5 8. Bb5
O-O 9. O-O Bd7 10. Qe2 a6 11. Bd3 Bg4 12. Be3 f5 13. h3 Bh5 14. Nc3 Kh8 15. Qe1
f4 16. Nxe4 dxe4 17. Bxe4 fxe3 18. fxe3 Rb8 19. a3 Bxf3 20. gxf3 Bh4 21. Qe2
Nxd4 22. exd4 Qxd4+ 23. Kh1 Qxe5 24. Rg1 Rf6 25. Rg4 Rh6 26. Rd1 Bf6 27. Kg2
Qxb2 28. Qxb2 Bxb2 29. Bxb7 Rd6 30. Rxd6 cxd6 31. Bxa6 Bxa3 32. Ra4 Bc5 33. Bb7
g6 34. Ra8 Rxa8 35. Bxa8 Kg7 36. f4 Kf6 37. Bd5 Bb4 38. Kf3 Kf5 39. Bb7 Bd2 40.
Bc8+ Kf6 41. Ke4 h6 42. Bb7 Ke6 43. Bd5+ Kf6 44. Bb7 Ke6 45. Bd5+ 1/2-1/2

[Event "40th Olympiad Women"]
[Site "Istanbul TUR"]
[Date "2012.09.06"]
[Round "9.38"]
[Board "1"]
[White "Koskoska, Gabriela"]
[Black "Olatunji, Oluwatobiloba"]
[Result "1/2-1/2"]
[WhiteTitle "WIM"]
[WhiteElo "2094"]
[BlackElo "1818"]
[WhiteTeam "FYROM"]
[BlackTeam "Nigeria"]
[WhiteFideId "15000630"]
[BlackFideId "8500924"]
[EventDate "2012.08.28"]

1. c4 Nf6 2. g3 e6 3. Bg2 d5 4. Nf3 Be7 5. b3 b6 6. Bb2 Bb7 7. O-O O-O 8. Qc2 h6
9. d3 c5 10. Nbd2 Nc6 11. a3 Qc7 12. cxd5 Nxd5 13. e4 Nf6 14. d4 Qd8 15. dxc5
Bxc5 16. Rad1 Be7 17. Nc4 Qc7 18. Ne3 Rac8 19. e5 Nxe5 20. Bxe5 Qxc2 21. Nxc2
Rxc2 22. Bxf6 Bxf6 23. Rd7 Bd5 24. Rxa7 Bxb3 25. Rb1 Rb2 26. Rxb2 Bxb2 27. Rb7
Bd5 28. Rxb6 Bxa3 29. Ne5 Re8 30. Ra6 Bb2 31. Bxd5 exd5 32. Nd3 Bc3 33. Rd6 d4
34. Rd5 Kf8 35. Ne5 Ra8 36. Nc6 Bb2 37. Nxd4 Ra1+ 38. Kg2 Bxd4 39. Rxd4 Re1 40.
Kf3 Ke7 41. h4 g6 42. Ra4 Re6 43. g4 Kf6 44. Ra5 Re5 45. Ra6+ Re6 46. Ra5 Re5
47. Ra6+ Re6 48. Ra7 Ke5 1/2-1/2

[Event "40th Olympiad Women"]
[Site "Istanbul TUR"]
[Date "2012.09.06"]
[Round "9.38"]
[Board "3"]
[White "Nikolovska, Dragana"]
[Black "Akintola, Olufunmilayo"]
[Result "0-1"]
[WhiteElo "1828"]
[BlackElo "1747"]
[WhiteTeam "FYROM"]
[BlackTeam "Nigeria"]
[WhiteFideId "15000133"]
[BlackFideId "8500886"]
[EventDate "2012.08.28"]

1. e4 e6 2. d4 d5 3. Nd2 dxe4 4. Nxe4 Nf6 5. Nxf6+ Qxf6 6. Nf3 Bd6 7. Bg5 Qf5 8.
Bd3 Qa5+ 9. c3 c6 10. O-O h6 11. Bh4 O-O 12. Re1 Nd7 13. Bc2 Re8 14. Qd3 Nf8 15.
Ne5 Qc7 16. Qg3 Be7 17. Re4 f6 18. Rg4 Bd8 19. Qe3 h5 20. Rg3 fxe5 21. Bxd8 Qxd8
22. Qxe5 Re7 23. Qxh5 Qe8 24. Qh4 e5 25. Bb3+ Be6 26. Rh3 Bxb3 27. Qh8+ Kf7 28.
Rf3+ Ke6 29. axb3 Ng6 30. Qh3+ Kd6 31. dxe5+ Nxe5 32. Rd1+ Kc7 33. Qg3 Kb6 34.
Rf4 a5 35. h3 Rd8 36. Ra1 Nd3 37. Rfa4 Re1+ 38. Kh2 Rxa1 39. Rxa1 Qe5 40. Qxe5
Nxe5 41. Re1 Nd3 42. Re7 Rg8 43. Kg3 Nxb2 44. Rd7 a4 45. bxa4 Nxa4 46. Rd3 Nc5
47. Re3 Kc7 48. f4 Kd6 49. Kf3 Rf8 50. g4 Rf7 51. h4 Re7 52. Rxe7 Kxe7 53. h5 b5
54. Ke3 Kf6 55. Kd4 Ne6+ 56. Ke4 Nc5+ 57. Kd4 Ne6+ 58. Ke4 c5 59. f5 Ng5+ 60.
Kd5 b4 61. cxb4 cxb4 62. Kc4 Nf3 63. Kxb4 Ne5 64. h6 gxh6 65. Kc3 Nxg4 66. Kd3
Kxf5 67. Ke2 Kf4 68. Kf1 Kg3 69. Kg1 h5 0-1

[Event "40th Olympiad Women"]
[Site "Istanbul TUR"]
[Date "2012.09.06"]
[Round "9.39"]
[Board "4"]
[White "Wang, Alyssa"]
[Black "Bukhashem, Fayeqa S"]
[Result "1/2-1/2"]
[BlackTitle "WFM"]
[WhiteElo "1541"]
[BlackElo "1762"]
[WhiteTeam "Wales"]
[BlackTeam "United Arab Emirates"]
[WhiteFideId "1802267"]
[BlackFideId "9301593"]
[EventDate "2012.08.28"]

1. d4 d5 2. Nf3 e6 3. c4 a6 4. a4 Nf6 5. Nc3 dxc4 6. e3 c5 7. Bxc4 Nc6 8. O-O
Qc7 9. Re1 Be7 10. Qe2 O-O 11. h3 Rd8 12. Rd1 Bd7 13. d5 exd5 14. Nxd5 Nxd5 15.
Bxd5 Nb4 16. Bc4 Bc6 17. Bd2 Bf6 18. Bxb4 cxb4 19. Nd4 Be4 20. Rac1 Qe7 21. Qg4
Bg6 22. b3 Qe5 23. Qe2 Qg5 24. Nf3 Qh5 25. Kh2 Be4 26. Nd4 Qg6 27. Qg4 Qxg4 28.
hxg4 Be5+ 29. Kg1 h6 30. Nf3 Bc3 31. Nd4 Bb2 32. f3 Bxc1 33. Rxc1 Bg6 34. Kf2
Rac8 35. Re1 Kf8 36. Kg3 Re8 37. Kf2 Rc5 38. Re2 Rce5 39. f4 R5e7 40. Kf3 Be4+
41. Kf2 Rd7 42. Kg3 Bd5 43. Bxd5 Rxd5 44. Kf3 Rc5 45. Kf2 Rc3 46. Kf3 Rd8 47.
Kf2 g6 48. Re1 Rd3 49. Ke2 Rc3 50. Kf2 Ke7 51. Re2 Rd5 52. Rd2 Rxd4 53. Rxd4
Rxb3 54. a5 Rb2+ 55. Kf3 b3 56. Rb4 Rb1 57. Rb6 b2 58. Ke4 Ra1 59. Rxb2 Ra4+ 60.
Kd3 Rxa5 61. Rxb7+ Ke6 62. Kd4 Rd5+ 63. Kc4 Rd6 64. g3 Rc6+ 65. Kd4 1/2-1/2

[Event "40th Olympiad Women"]
[Site "Istanbul TUR"]
[Date "2012.09.06"]
[Round "9.40"]
[Board "1"]
[White "Mir Mahmoud, Afamia"]
[Black "Mazariego-K., Carolina"]
[Result "1/2-1/2"]
[BlackTitle "WIM"]
[WhiteElo "1970"]
[BlackElo "2062"]
[WhiteTeam "Syria"]
[BlackTeam "Guatemala"]
[WhiteFideId "7600674"]
[BlackFideId "7300115"]
[EventDate "2012.08.28"]

1. d4 f5 2. c4 Nf6 3. Nf3 e6 4. g3 Be7 5. Bg2 O-O 6. O-O d6 7. Nc3 Ne4 8. Qc2
Nxc3 9. Qxc3 Nd7 10. Qc2 Nf6 11. b3 c6 12. Bb2 Qe8 13. b4 Bd7 14. e3 Qh5 15. c5
Ng4 16. a3 Rf6 17. h3 Rh6 18. Rfe1 Nf6 19. Nd2 d5 20. Nf3 Rf8 21. Ne5 Bd8 22.
Bc1 g5 23. Qe2 Be8 24. a4 Ne4 25. Qxh5 Rxh5 26. g4 fxg4 27. hxg4 Rh4 28. f3 Ng3
29. f4 h5 30. Nf3 Rxg4 31. Bh3 gxf4 32. Bxg4 hxg4 33. Ne5 Bh5 34. exf4 Nf5 35.
Kg2 Nxd4 36. Rh1 Rf5 37. Bb2 Ne2 38. Nd3 Bc7 39. Rae1 Nxf4+ 40. Nxf4 Bxf4 41.
Rxe6 Bd2 42. b5 Kf7 43. Rd6 Be3 44. bxc6 bxc6 45. Rxc6 d4 46. Bc1 1/2-1/2

[Event "40th Olympiad Women"]
[Site "Istanbul TUR"]
[Date "2012.09.06"]
[Round "9.40"]
[Board "3"]
[White "Algildah, Nibal"]
[Black "Mencos, Claudia"]
[Result "0-1"]
[WhiteTitle "WIM"]
[BlackTitle "WIM"]
[WhiteElo "1881"]
[BlackElo "2035"]
[WhiteTeam "Syria"]
[BlackTeam "Guatemala"]
[WhiteFideId "7600950"]
[BlackFideId "7300573"]
[EventDate "2012.08.28"]

1. d4 d5 2. Nf3 Nf6 3. c3 c6 4. Bg5 Ne4 5. Bh4 Bf5 6. Nbd2 Nd7 7. e3 Qb6 8. Qb3
e6 9. Be2 h6 10. Nxe4 Bxe4 11. O-O Bd6 12. Nd2 Qc7 13. f4 Bh7 14. Rac1 g5 15.
Bg3 h5 16. h3 h4 17. Bh2 gxf4 18. exf4 Bf5 19. c4 dxc4 20. Nxc4 Nb6 21. Ne5 Nd5
22. Kh1 Qb6 23. Qa4 Qb4 24. Qxb4 Bxb4 25. Bd3 Bd2 26. Rb1 Bxd3 27. Nxd3 Be3 28.
Bg1 Bxg1 29. Kxg1 Ne3 30. Rfe1 Nf5 31. Nc5 O-O-O 32. b4 Rxd4 33. b5 cxb5 34.
Rxb5 b6 35. Ne4 Rhd8 36. Rbb1 Rc4 37. a3 Rdd4 38. Ng5 Rd7 39. Ne4 Kd8 40. Rb5
Rdd4 41. Ng5 Nd6 42. Rbe5 Rxf4 43. Rd1 Rfd4 44. Rf1 Ke7 45. Nf3 Rf4 46. Rh5 Nf5
47. Rh8 Rc2 48. Re1 Ra4 49. Rh5 Kf6 50. Rh7 Kg6 51. Rh8 Kg7 52. Rh5 Rxa3 53.
Nxh4 Nxh4 54. Rxh4 Rg3 0-1

[Event "40th Olympiad Women"]
[Site "Istanbul TUR"]
[Date "2012.09.06"]
[Round "9.40"]
[Board "4"]
[White "Mencos Castillo, Maria"]
[Black "Stef, Shirin"]
[Result "0-1"]
[WhiteElo "1721"]
[BlackElo "1942"]
[WhiteTeam "Guatemala"]
[BlackTeam "Syria"]
[WhiteFideId "7300867"]
[BlackFideId "7602030"]
[EventDate "2012.08.28"]

1. e4 e6 2. d4 d5 3. Nc3 Nf6 4. e5 Nfd7 5. f4 c5 6. Nf3 Nc6 7. Be3 Qb6 8. Qd2 c4
9. Rb1 Qa5 10. a3 b5 11. Nd1 Rb8 12. Qxa5 Nxa5 13. Kf2 f6 14. g4 Be7 15. h4 fxe5
16. fxe5 Rf8 17. Kg3 Nc6 18. Ng5 Nb6 19. Nc3 h6 20. Nf3 b4 21. axb4 Nxb4 22. Rc1
Bd7 23. Nd1 Ba4 24. c3 Bxd1 25. Rxd1 Nc2 26. Bc1 Na4 27. Rd2 Na1 28. Rf2 Nb3 29.
Be3 Na5 30. Rhh2 Kd7 31. Bc1 Rf7 32. Bh3 Rbf8 33. Bf1 Nb3 34. Be3 Nxb2 35. Be2
Na4 36. Bd2 Nxd2 37. Nxd2 Rxf2 38. Rxf2 Rxf2 39. Kxf2 Bxh4+ 40. Kf3 Nxc3 41. Nf1
a5 42. Ne3 a4 43. Bxc4 dxc4 44. Nxc4 Bg5 45. Nb6+ Kc6 46. Nxa4 Nxa4 47. Ke4 Nc3+
48. Kd3 Nd1 49. Ke4 Ne3 0-1

[Event "40th Olympiad Women"]
[Site "Istanbul TUR"]
[Date "2012.09.06"]
[Round "9.41"]
[Board "1"]
[White "Perez, Eneida"]
[Black "Gamboa Alvarado, Leticia"]
[Result "1-0"]
[WhiteTitle "WFM"]
[WhiteElo "2070"]
[BlackElo "1890"]
[WhiteTeam "Dominican Republic"]
[BlackTeam "Costa Rica"]
[WhiteFideId "602795"]
[BlackFideId "6502270"]
[EventDate "2012.08.28"]

1. d4 Nf6 2. e3 g6 3. f4 Bg7 4. Nf3 d5 5. Bd3 c5 6. c3 Nbd7 7. Nbd2 Qc7 8. O-O
O-O 9. Qe2 Rd8 10. Ng5 h6 11. Nh3 e6 12. g4 e5 13. fxe5 Nxg4 14. e6 Ndf6 15.
exf7+ Kxf7 16. Nf4 g5 17. Nh5 Re8 18. e4 cxd4 19. cxd4 Qb6 20. Nb3 dxe4 21. Nxf6
Bxf6 22. Bb5 Re7 23. Bd2 Kg7 24. Bc3 a6 25. Bc4 Ne5 26. Rxf6 Kxf6 27. Qxe4 Nxc4
28. Rf1+ Bf5 29. Rxf5+ Kg6 30. Re5+ Kh5 31. Rxe7 Qf6 32. Re6 Qf4 33. Qe2+ Qg4+
34. Qxg4+ Kxg4 35. Nd2 Nxd2 36. Bxd2 Rc8 37. Bc3 h5 38. Kg2 b5 39. Rf6 h4 40.
h3+ Kh5 41. Kf3 b4 42. Bxb4 Rc1 43. Kg2 Rc2+ 44. Rf2 Rc4 45. Bc3 a5 46. Rf5 a4
47. a3 Kg6 48. Re5 Kf6 49. Kf3 Rc7 50. Ke4 1-0

[Event "40th Olympiad Women"]
[Site "Istanbul TUR"]
[Date "2012.09.06"]
[Round "9.41"]
[Board "2"]
[White "Acevedo Mendez, Lisseth"]
[Black "Jose Polanco, Kenia"]
[Result "1-0"]
[BlackTitle "WCM"]
[WhiteElo "1843"]
[BlackElo "1954"]
[WhiteTeam "Costa Rica"]
[BlackTeam "Dominican Republic"]
[WhiteFideId "6502938"]
[BlackFideId "6401074"]
[EventDate "2012.08.28"]

1. e4 e6 2. d4 d5 3. exd5 exd5 4. Nf3 Nf6 5. Bd3 Bd6 6. O-O O-O 7. Bg5 Bg4 8.
Nbd2 Nbd7 9. c3 c6 10. h3 Bh5 11. Bf5 Qc7 12. Qc2 Bg6 13. Nh4 Bf4 14. Nxg6 hxg6
15. Bxf4 Qxf4 16. Bd3 g5 17. g3 Qd6 18. Kg2 g6 19. Nf3 Nh7 20. Rh1 Kg7 21. h4
gxh4 22. Rxh4 Rh8 23. Rah1 Nhf6 24. Qd2 Nh5 25. Qg5 Qf6 26. Rxh5 Rxh5 27. Rxh5
Qxg5 28. Rxg5 Re8 29. Ne5 Re7 30. Nxd7 Rxd7 31. f4 Kf6 32. Kf3 Rd8 33. Re5 Rh8
34. Kg2 Rd8 35. g4 Rd7 36. Kg3 b5 37. g5+ Kg7 38. f5 gxf5 39. Bxf5 Rb7 40. b4 a5
41. a3 Ra7 42. Kf4 axb4 43. axb4 Ra3 44. Re3 Ra7 45. Rh3 Ra1 46. Bd7 c5 47. dxc5 1-0

[Event "40th Olympiad Women"]
[Site "Istanbul TUR"]
[Date "2012.09.06"]
[Round "9.41"]
[Board "3"]
[White "Munoz, Doribel"]
[Black "Rodriguez Arrieta, Maria Elena"]
[Result "1/2-1/2"]
[WhiteTitle "WCM"]
[WhiteElo "1933"]
[BlackElo "1738"]
[WhiteTeam "Dominican Republic"]
[BlackTeam "Costa Rica"]
[WhiteFideId "6400574"]
[BlackFideId "6502911"]
[EventDate "2012.08.28"]

1. e4 e5 2. Nc3 Nf6 3. g3 d5 4. exd5 Nxd5 5. Bg2 Nxc3 6. bxc3 Bd6 7. Ne2 O-O 8.
O-O c5 9. c4 Nc6 10. Nc3 Be6 11. d3 f5 12. Rb1 Qd7 13. Re1 Rac8 14. a3 b6 15.
Bb2 Bb8 16. Nd5 f4 17. Be4 Qf7 18. f3 fxg3 19. hxg3 Nd4 20. Kg2 Bd6 21. Bc1 Bf5
22. Rf1 Bxe4 23. fxe4 Qxf1+ 24. Qxf1 Rxf1 25. Kxf1 Nxc2 26. Bb2 Rf8+ 27. Kg2 h5
28. Rc1 Nd4 29. Bxd4 cxd4 30. a4 g5 31. Rh1 h4 32. gxh4 gxh4 33. Rxh4 Rf7 34.
Rh6 Bb8 1/2-1/2

[Event "40th Olympiad Women"]
[Site "Istanbul TUR"]
[Date "2012.09.06"]
[Round "9.41"]
[Board "4"]
[White "Nunez Gonzalez, Neeshmy"]
[Black "Hazim, Elizabeth"]
[Result "1/2-1/2"]
[BlackTitle "WCM"]
[WhiteElo "1828"]
[BlackElo "1834"]
[WhiteTeam "Costa Rica"]
[BlackTeam "Dominican Republic"]
[WhiteFideId "6504396"]
[BlackFideId "6400183"]
[EventDate "2012.08.28"]

1. d4 Nf6 2. Bg5 d6 3. Nf3 Nbd7 4. e3 g6 5. Bd3 Bg7 6. Nbd2 O-O 7. O-O b6 8. h3
Bb7 9. Nh2 h6 10. Bh4 Nh7 11. f4 f5 12. Ndf3 Qe8 13. g4 e5 14. dxe5 dxe5 15.
Bc4+ Kh8 16. Re1 Bf6 17. Bxf6+ Nhxf6 18. g5 hxg5 19. Nxg5 Nc5 20. Re2 Qc6 21.
Nhf3 exf4 22. exf4 Nce4 23. Nxe4 Nxe4 24. Qd4+ Nf6 25. Rf1 Rad8 26. Qc3 b5 27.
Bd3 Qxc3 28. bxc3 a6 29. Ng5 Rd7 30. Ne6 Re8 31. Nc5 Rxe2 32. Bxe2 Rd2 33. Bd3
Rg2+ 34. Kh1 Bc6 35. Rb1 Rxc2+ 36. Kg1 Rxa2 37. Bf1 Ne4 38. Re1 Nxc5 39. Re5 Nd3
40. Bxd3 Rd2 41. Bf1 Be4 42. Re8+ Kh7 43. Re7+ Kg8 44. Rxc7 Rd1 45. Kf2 Rd6 46.
Ke3 Rc6 47. Rxc6 Bxc6 48. Kd4 a5 49. Kc5 Be4 50. Kxb5 a4 51. Kxa4 Kf7 52. Kb5
Kf6 53. h4 Kg7 54. Be2 Kf6 55. c4 Ke6 56. c5 Kd5 57. Bc4+ Kd4 58. Bf7 Ke3 59.
Bxg6 Kxf4 60. c6 Bxc6+ 61. Kxc6 Kg4 62. h5 Kg5 63. Kd5 Kf6 64. Kd4 Kg5 65. Ke3
Kh6 66. Kf4 Kg7 67. Kxf5 Kh6 68. Kg4 Kg7 69. Kg5 Kh8 70. Kf6 Kg8 71. Bf7+ Kh8 1/2-1/2

[Event "40th Olympiad Women"]
[Site "Istanbul TUR"]
[Date "2012.09.06"]
[Round "9.42"]
[Board "1"]
[White "Lang, Heather"]
[Black "Taweesupmun, Chanida"]
[Result "1-0"]
[WhiteElo "2015"]
[BlackElo "1834"]
[WhiteTeam "Scotland"]
[BlackTeam "Thailand"]
[WhiteFideId "2400979"]
[BlackFideId "6200117"]
[EventDate "2012.08.28"]

1. e4 c6 2. d4 d5 3. exd5 cxd5 4. Bd3 Nc6 5. c3 Nf6 6. Bf4 Bg4 7. Qb3 Qd7 8. Nd2
e6 9. Ngf3 Bd6 10. Ne5 Bxe5 11. Bxe5 O-O 12. Qc2 Bf5 13. Bxf5 exf5 14. Bxf6 gxf6
15. O-O Rae8 16. Rfe1 Ne7 17. Re2 Ng6 18. Rae1 Rxe2 19. Rxe2 f4 20. Nf3 Kh8 21.
h3 Rg8 22. Kf1 a6 23. Qb3 b5 24. Qa3 Qf5 25. Qxa6 Qb1+ 26. Ne1 Kg7 27. Qxb5 f3
28. Re3 fxg2+ 29. Kxg2 Kh6 30. Kh2 Nf4 31. a4 Qf5 32. Qf1 Rg5 33. Rg3 Nh5 34.
Rxg5 fxg5 35. Nd3 Nf4 36. Nxf4 Qxf4+ 37. Kg1 g4 38. a5 g3 39. a6 gxf2+ 40. Qxf2
Qc1+ 41. Kh2 Qa1 42. Qf6+ Kh5 43. Qxf7+ Kh6 44. Qf6+ Kh5 45. Qe5+ Kg6 46. Qe2
Qa5 47. b4 Qc7+ 48. Kg2 Qb6 49. b5 h5 50. Qe8+ Kg5 51. Qe5+ Kh6 52. Qxd5 Qg6+
53. Kf3 Qd3+ 54. Kf4 Qd2+ 55. Ke5 Qg5+ 56. Kd6 Qd8+ 57. Kc5 Qa5 58. c4 1-0

[Event "40th Olympiad Women"]
[Site "Istanbul TUR"]
[Date "2012.09.06"]
[Round "9.42"]
[Board "3"]
[White "Giulian, Rosemary A"]
[Black "Atthaworadej, Worasuda"]
[Result "1/2-1/2"]
[WhiteElo "1894"]
[BlackElo "1638"]
[WhiteTeam "Scotland"]
[BlackTeam "Thailand"]
[WhiteFideId "2400375"]
[BlackFideId "6201563"]
[EventDate "2012.08.28"]

1. e4 c5 2. c3 g6 3. d4 cxd4 4. cxd4 d5 5. e5 Bg7 6. Nf3 Nc6 7. Be2 f6 8. exf6
Nxf6 9. O-O O-O 10. Nc3 Bg4 11. h3 Bxf3 12. Bxf3 e6 13. Re1 Re8 14. Be3 Nd7 15.
b3 Qb6 16. Ne2 Rac8 17. Rc1 Nb4 18. Qd2 Nc6 19. Red1 Ne7 20. g4 Rf8 21. Bg2 Nf6
22. Rxc8 Nxc8 23. Rc1 Nd6 24. Ng3 Rc8 25. Ne2 Rxc1+ 26. Qxc1 Qc6 27. Qd2 Nfe4
28. Qd3 Bf6 29. Bxe4 Nxe4 30. Kg2 Qb6 31. Qc2 Qc6 32. Qd3 Kg7 33. f3 Nd6 34. Qd2
Kg8 35. Bg5 Bg7 36. Be3 Nb5 37. a4 Nd6 38. Bf2 Qb6 39. Qe3 Nf7 40. Qc3 Qc6 41.
Qd3 Bh6 42. Bg3 Qb6 43. Qc3 Qc6 44. Qd3 Qb6 45. Qc3 Qc6 1/2-1/2

[Event "40th Olympiad Women"]
[Site "Istanbul TUR"]
[Date "2012.09.06"]
[Round "9.43"]
[Board "1"]
[White "Hamza, Amira"]
[Black "Madrigal, Ana Daniela"]
[Result "1-0"]
[WhiteTitle "WCM"]
[BlackTitle "WFM"]
[WhiteElo "1840"]
[BlackElo "2026"]
[WhiteTeam "Algeria"]
[BlackTeam "Nicaragua"]
[WhiteFideId "7901160"]
[BlackFideId "6101097"]
[EventDate "2012.08.28"]

1. d4 Nf6 2. Nf3 g6 3. Nbd2 Bg7 4. e4 d6 5. Bd3 Nbd7 6. O-O e5 7. c3 O-O 8. Re1
c5 9. Nc4 Qc7 10. dxe5 dxe5 11. a4 Rd8 12. Qc2 b6 13. Bg5 a6 14. Bf1 Re8 15.
Rad1 Re6 16. g3 h6 17. Bxf6 Rxf6 18. Bg2 b5 19. Ncxe5 Nxe5 20. Nxe5 Qxe5 21. f4
Qb8 22. Rd8+ Kh7 23. e5 Rb6 24. a5 Re6 25. f5 Rxe5 26. fxg6+ fxg6 27. Rxe5 Qxe5
28. Bxa8 Bf5 29. Qf2 Qc7 30. Rd1 b4 31. Qe2 bxc3 32. bxc3 c4 33. Bd5 Bd3 34. Qe6
Bxc3 35. Qg8# 1-0

[Event "40th Olympiad Women"]
[Site "Istanbul TUR"]
[Date "2012.09.06"]
[Round "9.43"]
[Board "2"]
[White "Mendieta, Kathya"]
[Black "Latreche, Khadidja"]
[Result "0-1"]
[WhiteTitle "WCM"]
[BlackTitle "WCM"]
[WhiteElo "1763"]
[BlackElo "1889"]
[WhiteTeam "Nicaragua"]
[BlackTeam "Algeria"]
[WhiteFideId "6101496"]
[BlackFideId "7901780"]
[EventDate "2012.08.28"]

1. e4 d5 2. exd5 Nf6 3. d4 Nxd5 4. c4 Nb6 5. Nc3 e5 6. d5 c6 7. a3 Bc5 8. Be2
Bd4 9. Nf3 Bxc3+ 10. bxc3 cxd5 11. c5 Nc4 12. Bxc4 dxc4 13. Qxd8+ Kxd8 14. Be3
f6 15. Nd2 Be6 16. Rb1 Kc7 17. O-O Nc6 18. f4 Rad8 19. f5 Bf7 20. Ne4 Rd3 21.
Nd6 Nd8 22. Bf2 Bd5 23. Rb2 Nf7 24. Nb5+ Kb8 25. c6 Bxc6 26. Nxa7 Ba4 27. Rb4
Bb3 28. Nc6+ Kc7 29. Na5 Nd6 30. Nxb3 cxb3 31. Rxb3 Rc8 32. Rfb1 Kd7 33. Be1 Rc4
34. Rb4 Rxb4 35. Rxb4 Kc6 36. g4 Nb5 37. a4 Na3 38. Rb3 Nc2 39. Bf2 Nd4 40. Rb4
Nf3+ 41. Kg2 Rxc3 42. Rb6+ Kc7 43. Re6 Kd7 44. Rb6 Kc8 45. Rd6 Ng5 46. Bb6 Rc2+
47. Kf1 Nf7 48. Rd5 g6 49. h4 gxf5 50. gxf5 Rc4 51. a5 Rxh4 52. Rc5+ Kb8 53. Rc7
Nd6 54. Rd7 Nc8 55. Bc7+ Ka7 56. Rd8 Ne7 57. Bb6+ Ka6 58. Rd6 Nxf5 59. Rxf6 Rf4+
60. Ke1 Ne7 61. Rh6 Nc6 62. Rxh7 Ra4 63. Rh6 e4 64. Bc7 Kb5 65. Rh5+ Kc4 66. Ke2
Nb4 67. Re5 Ra2+ 68. Kf1 Kd3 69. Rb5 Ra4 70. Bd6 Nc2 71. Rxb7 e3 72. Bg3 Rxa5
73. Rd7+ Nd4 74. Rd8 Rg5 75. Be1 Rf5+ 76. Kg2 Ke2 77. Bc3 Rg5+ 78. Kh3 Nf3 79.
Bf6 Rg6 80. Rf8 Kf2 81. Bh4+ Ke2 82. Be7 Rg1 83. Bc5 Kf2 84. Re8 Rg3# 0-1

[Event "40th Olympiad Women"]
[Site "Istanbul TUR"]
[Date "2012.09.06"]
[Round "9.44"]
[Board "2"]
[White "Gonzalez, Yaribeth"]
[Black "Bedrosian, Danielle"]
[Result "1-0"]
[WhiteTitle "WCM"]
[WhiteElo "1796"]
[BlackElo "1796"]
[WhiteTeam "Panama"]
[BlackTeam "Lebanon"]
[WhiteFideId "6600344"]
[BlackFideId "5300479"]
[EventDate "2012.08.28"]

1. e4 d6 2. Nf3 Nf6 3. Nc3 Nbd7 4. Bc4 h6 5. d4 e5 6. dxe5 dxe5 7. Be3 Be7 8. h3
c6 9. Qd3 Qc7 10. g4 Nc5 11. Bxc5 Bxc5 12. O-O-O Bxf2 13. Nxe5 O-O 14. Ng6 Re8
15. e5 Nd5 16. Nxd5 cxd5 17. Bxd5 Be6 18. Nf4 Bxd5 19. Nxd5 Qxe5 20. Rhf1 Bh4
21. Qf3 f6 22. Qb3 Kh8 23. Kb1 Rac8 24. Nf4 Qe4 25. a3 Rc7 26. Qd3 Qxd3 27. Rxd3
Kg8 28. Ng2 Bg3 29. Rxg3 Re2 30. Ne1 Rd7 31. Nd3 Kf7 32. Rf2 Rxd3 33. Rxd3 Rxf2
34. Rd7+ Kg6 35. Rxb7 Rf3 36. h4 Rf4 37. h5+ Kh7 38. Rb4 Rxb4 39. axb4 g5 40. c4
f5 41. Kc2 fxg4 42. Kd2 Kg7 43. b5 Kf7 44. c5 Ke7 45. Ke3 Kd7 46. Kf2 Kc7 47.
Kg3 Kd7 48. Kxg4 Kc7 49. Kf5 Kd7 50. Ke5 Kc7 51. b4 Kb7 52. Kd6 g4 53. Kd7 g3
54. c6+ Kb6 55. c7 g2 56. c8=Q Kxb5 1-0